000 00464nam a2200145Ia 4500
008 100122s9999 xx 000 0 und d
082 _b35043
_a823
100 _aकुलकर्णी जी ए
245 _aएक अरबी कहाणी
260 _bविश्वमोहिनी प्रकाशन
_c1983
300 _a255
630 _aएक अरबी कहाणी
730 _aएक अरबी कहाणी
942 _cBOOK
999 _c418437
_d418434